[Event "Challenge"]
[Site "http://www.queenalice.com/game.php?id=260444"]
[Date "2007.8.24"]
[Round "-"]
[White "marijan"]
[Black "rxk"]
[Result "1-0"]
[WhiteElo "1521"]
[BlackElo "1836"]

1. e4 c5 2. Nf3 Nc6 3. Nc3 d6 4. d4 cxd4 5. Nxd4 e6 6. Be3 Nf6 7. f3 Be7 8. Qd2
O-O 9. O-O-O a6 10. g4 Nd7 11. h4 Bxh4 12. Nxc6 bxc6 13. g5 Bg3 14. Ne2 Be5 15.
f4 Bxb2+ 16. Kxb2 c5 17. Qxd6 Rb8+ 18. Qxb8 Nxb8 19. Rxd8 Rxd8 20. Nc3 Nc6 21.
Bxc5 Bb7 22. Rh2 e5 23. f5 Nd4 24. g6 hxg6 25. fxg6 f6 26. Bc4+ 1-0

[Event "Challenge"]
[Site "http://www.queenalice.com/game.php?id=261837"]
[Date "2007.8.26"]
[Round "-"]
[White "marijan"]
[Black "bruno_borges"]
[Result "1-0"]
[WhiteElo "1422"]
[BlackElo "1915"]

1. d4 Nf6 2. c4 e5 3. dxe5 Ng4 4. Bf4 Bc5 5. e3 d6 6. exd6 cxd6 7. Be2 Nf6 8.
Nc3 Nc6 9. a3 O-O 10. b4 Bb6 11. Nf3 Nh5 12. Bxd6 Re8 13. c5 Qf6 14. Nd5 1-0

[Event "AUTO-OPEN-700"]
[Site "http://www.queenalice.com/game.php?id=265380"]
[Date "2007.9.2"]
[Round "2"]
[White "marijan"]
[Black "Rusty"]
[Result "1-0"]
[WhiteElo "1765"]
[BlackElo "2108"]

1. d4 d5 2. c4 dxc4 3. e3 e5 4. Bxc4 exd4 5. exd4 Bd6 6. Nf3 Nf6 7. O-O O-O 8.
h3 Nbd7 9. Nc3 h6 10. Qc2 Nb6 11. Bb3 Be6 12. Bxe6 fxe6 13. Re1 Qe7 14. Qb3 Rae8
15. Bd2 Qd7 16. a4 Qc6 17. Rac1 Qc4 18. Qc2 Nbd5 19. Ne5 Qxd4 20. Nb5 Qb6 21.
Nc4 Qa6 22. Bxh6 gxh6 23. Ncxd6 Re7 24. Ne4 Qb6 25. Qd2 Nxe4 26. Rxe4 Rg7 27.
Rce1 Rg6 28. Nd4 e5 29. Rxe5 Nf4 30. Kh1 Rgf6 31. R1e3 c5 32. Nb3 Ng6 33. Rg3
Kh7 34. Rh5 Nf4 35. Qc2+ Kh8 36. Rh4 Qb4 37. Kh2 c4 38. Nd4 c3 39. Nf5 h5 40.
Rg5 1-0

[Event "AUTO-OPEN-700"]
[Site "http://www.queenalice.com/game.php?id=265381"]
[Date "2007.9.2"]
[Round "2"]
[White "Rusty"]
[Black "marijan"]
[Result "0-1"]
[WhiteElo "2083"]
[BlackElo "1735"]

1. d4 Nf6 2. c4 e6 3. Nc3 Bb4 4. Qc2 O-O 5. a3 Bxc3+ 6. Qxc3 b6 7. Bg5 Bb7 8. e3
d6 9. Nf3 Nbd7 10. Bd3 c5 11. O-O Rc8 12. Nd2 h6 13. Bh4 d5 14. cxd5 cxd4 15.
Qxd4 e5 16. Bxf6 Nxf6 17. Qxe5 Bxd5 18. Bf5 Bxg2 19. Kxg2 Rc5 20. Qf4 Qxd2 21.
b4 Rd5 22. Rad1 Qb2 23. Rxd5 Nxd5 24. Qe4 Nf6 25. Qd4 Qxd4 26. exd4 g6 27. Bh3
Rd8 28. Rd1 Kf8 29. Kf3 Rd5 30. Rd3 Rh5 31. Kg3 g5 32. Bc8 Nd5 33. h3 Rh4 34.
Kh2 Rf4 35. Kg3 Ke7 36. Bb7 Ke6 37. b5 Ne7 38. Kg2 Ng6 39. Kg1 Kd6 40. Bg2 Ne7
41. Bb7 Nf5 0-1

[Event "AUTO-OPEN-700"]
[Site "http://www.queenalice.com/game.php?id=265382"]
[Date "2007.9.2"]
[Round "2"]
[White "marijan"]
[Black "Bobby_F"]
[Result "0-1"]
[WhiteElo "2046"]
[BlackElo "2390"]

1. e4 c5 2. Nf3 d6 3. d4 cxd4 4. Nxd4 Nf6 5. Nc3 a6 6. Be3 Ng4 7. Bg5 h6 8. Bh4
g5 9. Bg3 Bg7 10. h3 Ne5 11. f3 Nbc6 12. Bf2 Be6 13. Nxe6 fxe6 14. h4 Qa5 15.
hxg5 O-O-O 16. g6 d5 17. exd5 Rxd5 18. Qe2 Rhd8 19. Be3 Nxf3+ 20. gxf3 Bxc3+ 21.
bxc3 Qxc3+ 22. Kf2 Qxa1 23. Rg1 Qf6 24. Qc4 Kd7 25. Rg3 h5 26. Bh3 Ke8 27. Qe4
Re5 28. Qf4 Kd7 29. g7 Rg8 30. c3 Qxf4 31. Bxf4 Rc5 32. Rg6 Nd8 33. Be3 Rxc3 34.
Bb6 Rc6 35. Bxd8 Kxd8 36. Bxe6 Rxg7 37. Rxg7 Rxe6 38. Rg5 h4 39. Rh5 Rb6 40. Ke3
Rb2 41. a4 Rb3+ 42. Kf2 Rb4 43. a5 Rb5 44. Rxh4 Rxa5 45. Rh8+ Kd7 46. Rb8 b5 47.
Ke3 Ra4 48. Rb6 b4 49. f4 a5 50. Kd3 Ra3+ 51. Kc2 Kc7 52. Ra6 a4 53. Kb2 Rb3+
54. Ka2 Re3 55. f5 Re2+ 56. Kb1 a3 0-1

[Event "AUTO-OPEN-700"]
[Site "http://www.queenalice.com/game.php?id=265383"]
[Date "2007.9.2"]
[Round "2"]
[White "Bobby_F"]
[Black "marijan"]
[Result "1-0"]
[WhiteElo "2392"]
[BlackElo "2058"]

1. e4 c5 2. Nf3 d6 3. d4 cxd4 4. Nxd4 Nf6 5. Nc3 a6 6. Be3 e5 7. Nb3 Be6 8. f3
Be7 9. Qd2 O-O 10. O-O-O Nbd7 11. g4 b5 12. g5 Nh5 13. Nd5 Bxd5 14. exd5 Qc7 15.
Na5 Nf4 16. h4 Nxd5 17. Qxd5 Qxa5 18. h5 Nb6 19. Qe4 d5 20. Qxe5 Rfe8 21. Bd4
Bf6 22. Qf4 Bxd4 23. Qxd4 Qxa2 24. h6 f6 25. gxf6 Qa1+ 26. Kd2 Qa4 27. Qxa4 Nxa4
28. b3 Nc5 29. hxg7 Nd7 30. Rh6 Re6 31. Bd3 Nxf6 32. Rg1 Rae8 33. Kd1 Kf7 34.
Bxh7 Ng8 35. Bg6+ Ke7 36. Rh4 Rd8 37. Rf4 Nf6 38. Rxf6 Rxf6 39. Bh7 Rxf3 40. Ke2
Rh3 41. g8=Q Rxg8 42. Bxg8 Kd6 43. Rg5 d4 44. b4 Kc7 45. Kd2 Ra3 46. Bb3 Ra1 47.
Rg6 Kb7 48. Kd3 Rd1+ 49. Ke4 Ka7 50. Bd5 Rd2 51. Rg7+ Kb8 52. Rb7+ Kc8 53. Ke5
Rh2 54. Ra7 Rh6 55. Be6+ Kb8 56. Rxa6 Rh4 57. Rb6+ Kc7 58. Rxb5 Kc6 59. Rd5 1-0

[Event "Challenge"]
[Site "http://www.queenalice.com/game.php?id=266832"]
[Date "2007.9.4"]
[Round "-"]
[White "marijan"]
[Black "prrrr"]
[Result "1/2-1/2"]
[WhiteElo "1511"]
[BlackElo "1754"]

1. b3 e5 2. Bb2 Nc6 3. c4 Nf6 4. e3 d5 5. cxd5 Nxd5 6. a3 Bd6 7. Qc2 O-O 8. Nf3
Qe7 9. Nc3 Nxc3 10. Qxc3 f5 11. Bb5 e4 12. Bxc6 bxc6 13. Ne5 c5 14. b4 cxb4 15.
axb4 1/2-1/2

[Event "QA-ANNIV-03"]
[Site "http://www.queenalice.com/game.php?id=270110"]
[Date "2007.9.11"]
[Round "3"]
[White "marijan"]
[Black "kulalking"]
[Result "1-0"]
[WhiteElo "1550"]
[BlackElo "1969"]

1. e4 e5 2. Nf3 Nc6 3. Bb5 Nf6 4. O-O a6 5. Bxc6 dxc6 6. Nxe5 Bc5 7. d3 Qe7 8.
Nf3 Bg4 9. h3 Bh5 10. Be3 Bxe3 11. fxe3 O-O-O 12. Nbd2 g5 13. Qe1 g4 14. Nd4
gxh3 15. Qh4 Rhg8 16. Qxh3+ Bg4 17. Qh4 Rg6 18. Rf4 c5 19. N4b3 1-0

[Event "QA-ANNIV-03"]
[Site "http://www.queenalice.com/game.php?id=316123"]
[Date "2007.12.6"]
[Round "4"]
[White "csparrow"]
[Black "marijan"]
[Result "0-1"]
[WhiteElo "2445"]
[BlackElo "1612"]

1. Nf3 c5 2. c4 Nc6 3. Nc3 Nf6 4. d4 cxd4 5. Nxd4 e6 6. Ndb5 d6 7. Bf4 e5 8. Bg5
a6 9. Bxf6 gxf6 10. Na3 Be6 11. e3 f5 12. Qd2 Qa5 13. Rd1 Bg7 14. Be2 e4 15. f3
Bxc3 16. Qxc3 Qxc3+ 17. bxc3 Ke7 18. O-O Rac8 19. Rb1 Rc7 20. Rb6 Rf8 21. fxe4
fxe4 22. Rf4 f5 23. Rh4 Rf7 24. Rh6 Ne5 25. h3 Nd7 26. Rb2 Nf6 27. Nc2 Bc8 28.
Kf2 Ke6 29. Rb4 Ke5 30. Rh4 Rg7 31. Nd4 Rg5 32. a4 Rcg7 33. Bf1 Rh5 34. Rf4 Rc7
35. Be2 Rh6 36. a5 Rg6 37. Rh4 Rg5 38. Bf1 h5 39. Rf4 Ng8 40. Rb6 Rcg7 41. Ke1
Ne7 42. Rf2 Rg3 43. Kd2 Ng6 44. Ne2 Rg5 45. Nf4 Rc7 46. Rb4 h4 47. Ra4 Rc5 48.
Nxg6+ Rxg6 49. Rf4 Rh6 50. Kc2 Be6 51. Kb3 Rh7 52. Ra1 Rc6 53. Ra4 Kf6 54. Rb4
Rc5 55. Ra4 Kg5 56. Rf2 Rf7 57. Rd2 f4 58. exf4+ Kxf4 59. Rxd6 Re5 60. Rd4 Kg3
61. Ra1 e3 62. Bd3 Bf5 63. Be2 Be4 0-1

[Event "AUTO-OPEN-1000"]
[Site "http://www.queenalice.com/game.php?id=348111"]
[Date "2008.2.3"]
[Round "1"]
[White "Twinigo"]
[Black "marijan"]
[Result "0-1"]
[WhiteElo "2052"]
[BlackElo "1642"]

1. Nf3 d5 2. c4 d4 3. g3 Nc6 4. Bg2 e5 5. d3 Nf6 6. Bg5 h6 7. Bxf6 Qxf6 8. Nbd2
Be7 9. O-O O-O 10. a3 a5 11. Qc2 Rd8 12. Ne1 a4 13. f4 exf4 14. Rxf4 Qd6 15. Ne4
Qe5 16. b4 axb3 17. Qxb3 f5 18. Nf2 g5 19. Bxc6 bxc6 20. Nf3 Qe3 21. Rxd4 Rxd4
22. Nxd4 Bc5 23. Nxc6 Qxf2+ 24. Kh1 Rxa3 0-1

[Event "AUTO-OPEN-1000"]
[Site "http://www.queenalice.com/game.php?id=348112"]
[Date "2008.2.3"]
[Round "1"]
[White "marijan"]
[Black "Twinigo"]
[Result "1-0"]
[WhiteElo "1672"]
[BlackElo "2024"]

1. d4 Nf6 2. c4 g6 3. Nc3 d5 4. cxd5 Nxd5 5. e4 Nxc3 6. bxc3 Bg7 7. Bc4 O-O 8.
Ne2 c5 9. O-O cxd4 10. cxd4 Nc6 11. Be3 Qd6 12. Rc1 e6 13. d5 Na5 14. dxe6 Nxc4
15. exf7+ Rxf7 16. Rxc4 Qa6 17. Qc2 Bd7 18. Nd4 b5 19. Rc5 Bf8 20. Rc7 Bd6 21.
Rxd7 Rxd7 22. Qb3+ Kh8 23. Nf3 h6 24. Bd4+ Kh7 25. Ng5+ hxg5 26. Qh3+ Kg8 27.
Qxd7 Bf8 28. Qd5+ 1-0

[Event "AUTO-OPEN-1000"]
[Site "http://www.queenalice.com/game.php?id=348135"]
[Date "2008.2.3"]
[Round "1"]
[White "marijan"]
[Black "azumi"]
[Result "1-0"]
[WhiteElo "1610"]
[BlackElo "1147"]

1. e4 d6 2. d4 Nf6 3. Nc3 g6 4. Nf3 Bg7 5. Be2 Bg4 6. O-O Nbd7 7. e5 dxe5 8.
dxe5 Nh5 9. h3 Bxh3 10. gxh3 e6 11. Bg5 f6 12. Nd4 fxg5 13. Nxe6 Qc8 14. Bxh5
Nxe5 15. Nxg7+ Kf7 16. Qd5+ Kxg7 17. Qxe5+ Kh6 18. Bg4 Qd8 19. Rad1 Qf8 20. f4
Re8 21. fxg5# 1-0

[Event "AUTO-OPEN-1000"]
[Site "http://www.queenalice.com/game.php?id=348136"]
[Date "2008.2.3"]
[Round "1"]
[White "azumi"]
[Black "marijan"]
[Result "0-1"]
[WhiteElo "1365"]
[BlackElo "1702"]

1. d4 Nf6 2. c4 e6 3. Nc3 Bb4 4. Bg5 c5 5. a3 Bxc3+ 6. bxc3 Qa5 7. Qd3 cxd4 8.
Bd2 dxc3 9. Bxc3 Qc5 10. Nf3 Nc6 11. e3 b6 12. g3 Ba6 13. Bb4 Nxb4 14. axb4
Qxb4+ 15. Nd2 Bb7 16. Rg1 d5 17. Rb1 Qc5 18. Rb5 Qe7 19. Bg2 O-O 20. Ke2 Rac8
21. Rc1 dxc4 22. Rxc4 Bxg2 23. f3 Rxc4 24. Nxc4 Rd8 25. Qc3 Bxf3+ 26. Kxf3 Qb7+
27. Kf2 Ng4+ 28. Kg1 Rd1+ 0-1

[Event "AUTO-OPEN-1000"]
[Site "http://www.queenalice.com/game.php?id=348137"]
[Date "2008.2.3"]
[Round "1"]
[White "marijan"]
[Black "Gambitshark"]
[Result "1-0"]
[WhiteElo "1915"]
[BlackElo "2743"]

1. e4 e5 2. Nf3 Nc6 3. Bb5 f5 4. d3 fxe4 5. dxe4 Nf6 6. O-O Bc5 7. Qd3 Qe7 8.
Bg5 O-O 9. Nc3 d6 10. Nd5 Qf7 11. Be3 Nxd5 12. Bc4 Ncb4 13. Qd2 Kh8 14. Bxc5
dxc5 15. exd5 e4 16. Ne5 Qf6 17. f4 Rd8 18. Rad1 Be6 19. Qe2 Nxd5 20. Qxe4 c6
21. f5 Bf7 22. a4 Rac8 23. c3 Rc7 24. Rfe1 Kg8 25. Nxf7 Qxf7 26. h3 Rcd7 27. Qf3
Kh8 28. Re5 Qf6 29. Qe4 Qf7 30. Rd3 Qg8 31. Re6 a6 32. Qe5 Qf8 33. Bxd5 Rxd5 34.
Rxd5 cxd5 35. a5 d4 36. Kf2 d3 37. Ke1 c4 38. g4 Kg8 39. Kd2 1-0

[Event "AUTO-OPEN-1000"]
[Site "http://www.queenalice.com/game.php?id=348138"]
[Date "2008.2.3"]
[Round "1"]
[White "Gambitshark"]
[Black "marijan"]
[Result "0-1"]
[WhiteElo "2658"]
[BlackElo "1885"]

1. d4 Nf6 2. c4 e6 3. Nf3 b6 4. Nc3 Bb7 5. a3 d5 6. Bg5 Be7 7. e3 O-O 8. Qc2
Nbd7 9. h4 c5 10. cxd5 Nxd5 11. Nxd5 Bxd5 12. e4 Bb7 13. Rd1 h6 14. Bf4 Rc8 15.
dxc5 Rxc5 16. Qb1 Qc8 17. Bd3 Nf6 18. O-O Rd8 19. Rfe1 Ng4 20. Bg3 Qa8 21. e5
Rcc8 22. Bh7+ Kf8 23. Rxd8+ Rxd8 24. Be4 Bxe4 25. Qxe4 Qxe4 26. Rxe4 Rd1+ 27.
Re1 Rxe1+ 28. Nxe1 h5 29. Kf1 Nh6 30. Ke2 Nf5 31. Nf3 b5 32. Kd3 Bc5 33. b4 Bb6
34. Ke2 Nxg3+ 35. fxg3 Ke7 36. Kd3 f5 37. Ke2 Kd7 38. Ne1 Bd4 39. Nd3 Kc6 40.
Nf4 Bxe5 41. Nxh5 Kd5 42. Kd3 Ba1 43. Nf4+ Kd6 44. g4 fxg4 45. Ke4 Bb2 0-1

[Event "QA-ANNIV-03"]
[Site "http://www.queenalice.com/game.php?id=360834"]
[Date "2008.2.25"]
[Round "5"]
[White "marijan"]
[Black "crubiov"]
[Result "1-0"]
[WhiteElo "1705"]
[BlackElo "2373"]

1. e4 e5 2. Nf3 Nf6 3. Nxe5 Qe7 4. Nf3 Qxe4+ 5. Be2 Qb4 6. a3 Qb6 7. d4 d5 8. c4
c6 9. O-O Be7 10. Nc3 O-O 11. Re1 Re8 12. h3 Bf5 13. g4 Be6 14. Ng5 Bc8 15. Bd3
h6 16. Nf3 Nbd7 17. Be3 Nf8 18. Ne5 Be6 19. c5 Qc7 20. Bf4 Qc8 21. Bc2 N6d7 22.
Qd3 b6 23. b4 Bf6 24. Nf3 a5 25. Kh1 Qb7 26. Qd2 Bd8 27. Rab1 axb4 28. axb4 Bc7
29. Bxh6 gxh6 30. Qxh6 Bd8 31. Ng5 Bxg5 32. Qxg5+ Kh8 33. Qh6+ Kg8 34. Ne2 Qa6
35. b5 Qa2 36. Bb3 Qa5 37. bxc6 bxc5 38. Nf4 Qc3 39. cxd7 Bxd7 40. Rxe8 Rxe8 41.
Bxd5 Qxd4 42. Nh5 Qxd5+ 43. Kg1 Qd4 44. Nf6+ Qxf6 45. Qxf6 Nh7 46. Qd6 Nf8 47.
Rb7 Bc8 48. Re7 Rxe7 49. Qxe7 Be6 50. Qxc5 Ng6 51. h4 Bxg4 52. h5 Bxh5 53. Qxh5
Kg7 54. f4 f6 55. Qg4 Kf7 56. Qd7+ Kg8 57. f5 Nh4 58. Qe6+ Kg7 59. Kf2 Nxf5 60.
Qxf5 Kf8 61. Qxf6+ Ke8 62. Qg7 Kd8 63. Ke3 Ke8 64. Ke4 Kd8 65. Kd5 Kc8 66. Kc6
Kb8 67. Qb7# 1-0

[Event "QA-ANNIV-03"]
[Site "http://www.queenalice.com/game.php?id=385523"]
[Date "2008.4.10"]
[Round "6"]
[White "Alsina"]
[Black "marijan"]
[Result "0-1"]
[WhiteElo "2467"]
[BlackElo "1825"]

1. c4 e5 2. Nc3 Nf6 3. g3 Nc6 4. Nf3 Bc5 5. Bg2 d6 6. d3 h6 7. O-O O-O 8. a3 a5
9. e3 Re8 10. b3 Bf5 11. Bb2 Bb6 12. h3 Qd7 13. Kh2 Bh7 14. Qe2 Nd8 15. Nd2 c6
16. Nde4 Nxe4 17. dxe4 Ne6 18. f4 Nc5 19. b4 Na6 20. Rfd1 Bc7 21. Na4 axb4 22.
axb4 Nxb4 23. Bxe5 Qe7 24. Bc3 Na6 25. f5 f6 26. Rab1 Nc5 27. Nxc5 dxc5 28. Qg4
Kh8 29. Rd3 Qf7 30. Kg1 Ra7 31. Rd2 Ra3 32. Rc2 b6 33. Rbc1 Qe7 34. Ra1 Rxc3 35.
Rxc3 Be5 36. Rca3 Bxa1 37. Rxa1 b5 38. Bf1 b4 39. Ra2 Bg8 40. Kf2 Bf7 41. Qf3
Qb7 42. Qd1 Rxe4 43. Rd2 Be8 44. Rd8 Qc7 45. Be2 Kh7 46. Qd6 Qxd6 47. Rxd6 Re5
48. g4 Kg8 49. Rd8 Kf7 50. Ra8 Ke7 51. Ra7+ Bd7 52. Bf3 Kd6 53. Ke2 Re7 54. Kd2
Be8 55. Ra6 Rc7 56. Kd3 Bf7 57. Bh1 h5 58. Be4 Be8 59. Ra8 Re7 60. Rc8 Kd7 61.
Ra8 Kc7 62. Ra7+ Kd6 63. Rxe7 Kxe7 64. Kc2 hxg4 65. hxg4 g6 66. fxg6 Kf8 67. Kc1
Kg7 68. Kb2 Kh6 69. Kb3 Bxg6 70. Bxc6 Kg5 71. Bd7 Kh4 72. Kb2 Bf7 73. Bb5 Kxg4
74. Kc1 b3 75. Bc6 Bxc4 76. Kb2 Be6 77. Bb7 c4 78. Kc3 Kg3 79. Bc6 Kf2 80. e4
Ke2 81. Bd5 b2 82. Kxb2 Kd2 83. Bxe6 c3+ 84. Ka3 c2 85. Kb4 c1=Q 86. Kb5 Qb1+
0-1

[Event "QA-ANNIV-03"]
[Site "http://www.queenalice.com/game.php?id=413711"]
[Date "2008.6.5"]
[Round "7"]
[White "marijan"]
[Black "edgar_elka"]
[Result "1-0"]
[WhiteElo "1795"]
[BlackElo "2217"]

1. e4 e5 2. Nf3 d6 3. Bc4 Be7 4. d4 exd4 5. Nxd4 Nf6 6. Nc3 Nbd7 7. O-O O-O 8.
Re1 Nb6 9. Bf1 c5 10. Nf5 Bxf5 11. exf5 d5 12. Qf3 Bd6 13. Bg5 h6 14. Bh4 g5 15.
fxg6 fxg6 16. Nb5 Bb8 17. Re6 g5 18. Bg3 Bxg3 19. hxg3 Rc8 20. Nxa7 Rc7 21. Rxb6
Rcf7 22. Re6 Qd7 23. Rae1 Ne4 24. Qg4 Nf6 25. Qh3 Qa4 26. Nc8 Qxc2 27. Ne7+ Kh7
28. Nf5 Kg8 29. Nxh6+ Kg7 30. R1e5 Qg6 31. Nf5+ Kg8 32. Bd3 Rh7 33. Ne7+ Kg7 34.
Nxg6 Rxh3 35. Re7+ Kg8 36. gxh3 1-0

[Event "QA-ANNIV-03"]
[Site "http://www.queenalice.com/game.php?id=446368"]
[Date "2008.8.9"]
[Round "8"]
[White "Plis"]
[Black "marijan"]
[Result "0-1"]
[WhiteElo "2319"]
[BlackElo "1855"]

1. e4 e5 2. Nf3 Nc6 3. Bb5 Nf6 4. O-O Be7 5. d4 exd4 6. Re1 a6 7. Ba4 b5 8. Bb3
d6 9. Bd5 Nxd5 10. exd5 Ne5 11. Nxd4 O-O 12. Bf4 Bb7 13. Ne2 Nc4 14. Nbc3 Nxb2
15. Qb1 Nc4 16. a4 Bf6 17. axb5 Qd7 18. Qb3 axb5 19. Rad1 Ra5 20. Nd4 Bxd4 21.
Rxd4 Re8 22. Rxe8+ Qxe8 23. Qb1 h6 24. h3 g5 25. Re4 Qa8 26. Qe1 Ra1 27. Bc1 Ne5
28. Rd4 Qa7 29. Rd1 Qc5 0-1

[Event "QA-ANNIV-03"]
[Site "http://www.queenalice.com/game.php?id=469849"]
[Date "2008.9.28"]
[Round "9"]
[White "marijan"]
[Black "gp_baker"]
[Result "1/2-1/2"]
[WhiteElo "1945"]
[BlackElo "2344"]

1. e4 e5 2. Nf3 Nc6 3. Bb5 a6 4. Ba4 Nf6 5. O-O Nxe4 6. d4 b5 7. Bb3 d5 8. dxe5
Be6 9. Nbd2 Nc5 10. c3 g6 11. Bc2 Bg7 12. Re1 O-O 13. Nb3 Nxb3 14. Bxb3 Qd7 15.
Bg5 Rae8 16. h3 h6 17. Bf6 Bxf6 18. exf6 Qd8 19. Qd2 Qxf6 20. Qxh6 Na5 21. Re3
c5 22. Rd1 Nxb3 23. axb3 b4 24. Ng5 Qh8 25. Qxh8+ Kxh8 26. Ra1 bxc3 27. bxc3 d4
28. cxd4 cxd4 29. Rd3 Rd8 30. Ra4 Rd6 31. Nxe6 Rxe6 32. Raxd4 Kg7 33. Rb4 Rc8
34. Rb7 Rf6 35. Rd2 g5 36. g3 Kg6 37. Kg2 Rc5 38. Rb8 a5 39. Ra2 Rff5 40. Re2
Rb5 41. Ree8 Rbc5 42. Rb6+ Kg7 43. Re3 Rb5 44. Rf3 Rxb6 45. Rxf5 Kg6 46. Rf3 f5
47. Rc3 Kf6 48. Kf3 Rb4 49. Ke2 a4 50. bxa4 Rxa4 51. Rc6+ Kf7 52. Rc2 Kg6 53.
Ke3 Ra3+ 54. Kd4 Ra4+ 55. Kd5 Ra5+ 56. Rc5 Ra2 57. Rc6+ Kg7 58. f4 gxf4 59. gxf4
Re2 60. Re6 Rh2 61. Ke5 Rxh3 62. Kxf5 Rh5+ 63. Ke4 Kf7 64. Re5 Rxe5+ 65. Kxe5
Ke7 66. f5 Kf7 67. f6 Kf8 68. Ke6 Ke8 69. f7+ 1/2-1/2

[Event "AUTO-OPEN-1000"]
[Site "http://www.queenalice.com/game.php?id=520318"]
[Date "2009.1.10"]
[Round "2"]
[White "Cerberus"]
[Black "marijan"]
[Result "1/2-1/2"]
[WhiteElo "2476"]
[BlackElo "2009"]

1. e4 e5 2. f4 exf4 3. Bc4 Nf6 4. Nc3 Nc6 5. Nf3 Bb4 6. Nd5 Nxd5 7. Bxd5 Ne7 8.
Bb3 d5 9. O-O dxe4 10. Ng5 Nf5 11. Nxe4 Qd4+ 12. Nf2 Be7 13. c3 Qd6 14. d4 g5
15. Re1 O-O 16. Bc2 Nh4 17. Qe2 Be6 18. Ne4 Qc6 19. g3 f3 20. Qd3 f2+ 21. Kxf2
f5 22. Nf6+ Rxf6 23. gxh4 gxh4 24. Rxe6 Rxe6 25. Bb3 Kh8 26. Bxe6 Qxe6 27. Bf4
Bd6 28. Re1 Qxa2 1/2-1/2

[Event "AUTO-OPEN-1000"]
[Site "http://www.queenalice.com/game.php?id=520319"]
[Date "2009.1.10"]
[Round "2"]
[White "marijan"]
[Black "Cerberus"]
[Result "1/2-1/2"]
[WhiteElo "2044"]
[BlackElo "2542"]

1. d4 Nf6 2. c4 g6 3. Nc3 Bg7 4. e4 O-O 5. Nf3 d6 6. Be2 e5 7. O-O Nc6 8. d5 Ne7
9. Ne1 Nd7 10. Be3 f5 11. f3 f4 12. Bf2 g5 13. Nd3 Nf6 14. c5 Ng6 15. Rc1 Rf7
16. Kh1 h5 17. Qb3 g4 18. cxd6 cxd6 19. Nb5 g3 20. hxg3 fxg3 21. Bxg3 h4 22. Bf2
Nh5 23. Kh2 Ng3 24. Qa3 Nxe2 25. Nxd6 Rf6 26. Rxc8 Rxc8 27. Nxc8 Qxc8 28. Be3
Qc4 29. Qb3 Qxb3 30. axb3 a6 31. Rd1 Rf7 32. Nc5 Nd4 33. d6 Nf8 34. Kh3 b6 35.
Nxa6 Rd7 36. Nb4 Rxd6 37. Nd5 Ng6 38. b4 Bf8 39. Bxd4 exd4 40. Rxd4 Nf4+ 41.
Kxh4 Nxg2+ 42. Kg5 Ne3 43. Kf4 Nxd5+ 44. exd5 Kf7 45. Ke4 b5 46. Rd1 Rf6 47. Rh1
Bd6 48. Rh7+ Ke8 49. Rb7 Rf4+ 50. Kd3 Rxb4 51. Kc3 Rc4+ 52. Kd3 Rc5 53. f4 Rxd5+
54. Ke4 Rh5 55. b4 Be7 56. f5 Rh4+ 57. Ke5 Rxb4 58. f6 Bxf6+ 59. Kxf6 Kd8 60.
Ke5 1/2-1/2

[Event "AUTO-OPEN-1000"]
[Site "http://www.queenalice.com/game.php?id=520324"]
[Date "2009.1.10"]
[Round "2"]
[White "Mieke"]
[Black "marijan"]
[Result "0-1"]
[WhiteElo "2207"]
[BlackElo "2023"]

1. e4 e5 2. Nf3 Nc6 3. Nc3 Nf6 4. Bb5 Bb4 5. d3 Nd4 6. Bc4 b5 7. Bb3 d6 8. O-O
Bg4 9. Be3 Nxf3+ 10. gxf3 Bh3 11. Re1 O-O 12. a3 Bxc3 13. bxc3 a5 14. a4 bxa4
15. Bxa4 Nh5 16. c4 Nf4 17. Bxf4 exf4 18. Kh1 Qh4 19. Qd2 Ra6 20. Bb5 Rb6 21.
Rg1 d5 22. Qc3 g5 23. Qd4 Qh5 24. Rg4 Bxg4 25. fxg4 Qh3 26. Qe5 Qf3+ 27. Kg1
Qxg4+ 28. Kh1 c6 29. Qc7 Rfb8 30. exd5 cxb5 31. c5 R6b7 32. Qe5 Qf3+ 33. Kg1 f6
34. Qe6+ Kg7 0-1

[Event "AUTO-OPEN-1000"]
[Site "http://www.queenalice.com/game.php?id=520325"]
[Date "2009.1.10"]
[Round "2"]
[White "marijan"]
[Black "Mieke"]
[Result "1-0"]
[WhiteElo "1982"]
[BlackElo "2246"]

1. e4 e5 2. Nf3 Nc6 3. Bb5 d6 4. d4 exd4 5. Nxd4 Bd7 6. O-O Nxd4 7. Bxd7+ Qxd7
8. Qxd4 Nf6 9. Nc3 Be7 10. Rd1 Qc6 11. Nd5 Nxd5 12. exd5 Qxc2 13. Re1 Kf8 14.
Bh6 Qg6 15. Be3 c5 16. dxc6 bxc6 17. Rac1 c5 18. Qd5 Re8 19. Bf4 Rd8 20. Rc3 Bf6
21. Rg3 Qc2 22. Bg5 Rg8 23. Rge3 1-0

[Event "QA-ANNIV-03"]
[Site "http://www.queenalice.com/game.php?id=525048"]
[Date "2009.1.18"]
[Round "10"]
[White "TheAlchemist"]
[Black "marijan"]
[Result "0-1"]
[WhiteElo "2135"]
[BlackElo "1959"]

1. e4 e5 2. Nf3 Nc6 3. Bb5 a6 4. Ba4 Nf6 5. O-O Be7 6. Re1 b5 7. Bb3 d6 8. c3
O-O 9. h3 Na5 10. Bc2 c5 11. d4 Nd7 12. Nbd2 exd4 13. cxd4 Nc6 14. d5 Nce5 15.
a4 Bb7 16. Nxe5 Nxe5 17. f4 Ng6 18. Nf3 Re8 19. axb5 axb5 20. Rxa8 Qxa8 21. f5
Nf8 22. g4 Nd7 23. h4 Qa2 24. g5 Ra8 25. Qe2 c4 26. Nd4 b4 27. f6 Bf8 28. fxg7
Bxg7 29. Nf5 b3 30. Nxg7 Kxg7 31. Bd1 c3 32. bxc3 Ba6 33. c4 Kg8 34. Bb2 Ne5 35.
Bxe5 dxe5 36. Qf1 b2 37. Bh5 Rf8 38. Be2 Qb3 39. Bd3 Qc3 40. Rb1 Rb8 41. Kh2 Bc8
42. Qe2 Rb3 43. Qc2 Qxd3 44. Qxd3 Rxd3 45. Rxb2 Rc3 46. Rb4 Kf8 47. Ra4 Bg4 48.
Ra8+ Ke7 49. Ra7+ Bd7 0-1